| 000 | 00842cam a2200253 a 4500 | ||
|---|---|---|---|
| 001 | 000006633 | ||
| 005 | 20200929153949.0 | ||
| 008 | 990818s1990 sp a b 100 | spa | ||
| 020 | _a8478200533 (obra completa) | ||
| 020 | _a8478200541 (v. 1) | ||
| 020 | _a847820055X (v. 2) | ||
| 040 |
_aDO-SdBNP _cDLC _dDLC |
||
| 082 |
_a936.6 _bE79a |
||
| 245 | 0 | 0 | _aEstado actual de la arqueología en Aragón. |
| 260 |
_aZaragoza : _bInstitución Fernando el Católico, _c1990. |
||
| 300 |
_a2 v. : _bil. ; _c24 cm. |
||
| 505 | 0 | _av. 1. Ponencias | |
| 505 | 0 | _av. 2. Comunicaciones. | |
| 504 | _aIncluye referencias bibliográficas. | ||
| 651 | 4 |
_aAragón (España{Rpara} _xAntigüedades _vCONGRESOS. _918418 |
|
| 650 | 4 |
_aExcavaciones (arqueología) _zEspaña _zAragón _vCONGRESOS _918419 |
|
| 910 | _aCatalogación por copia / LC | ||
| 910 | _aWM | ||
| 999 |
_c6423 _d6423 |
||